000 00553nam a2200229Ia 4500
003 OSt
005 20220924150418.0
006 a|||||r|||| 00| 0
007 ta
008 220923b |||||||| |||| 00| 0 tel d
024 _a333045
037 _cTextual
040 _aARTS
_cARTS
_btel
041 _2tel
_atel
082 _aO35,1M99,2, L3
100 _aSubba Rao
_9222067
245 0 _aJanabhumi
260 _c1973
650 _aTELUGU POETRY
942 _hO35,1M99,2, L3
_cTEXL
_2CC
999 _c463247
_d463247